Les 50 plus grosses compagnies aériennes - Statistiques

Statistiques générales
  • Ce quiz a été pris 96 fois
  • Le résultat moyen est 12 sur 50
Statistiques - réponses
Vol/j Réponse % Correct
480 Air France
100%
1069 Ryanair
69%
5609 American Airlines
65%
531 Lufthansa
62%
436 Qatar Airways
62%
3866 Delta Air Lines
61%
683 EasyJet
60%
384 British Airlines
56%
473 KLM
48%
852 Air Canada
38%
1237 Air China
38%
399 Iberia
38%
616 Qantas
38%
3861 United Airlines
38%
706 Turkish Airlines
36%
4049 Southwest
32%
816 LATAM
31%
622 Air India
30%
379 Ethiopian Airlines
22%
330 Korean Air
21%
490 Aeroflot
19%
1151 ANA
19%
632 JetBlue
19%
1914 China Eastern Airlines
18%
1634 China Southern Airlines
18%
2053 IndiGo
18%
499 Spirit Airlines
17%
343 Air New Zealand
16%
590 Avianca
16%
503 Air Asia
14%
941 Alaska Airlines
14%
818 JAL
14%
375 Saudia
13%
364 WestJet
12%
670 Azul
9%
534 Frontier
6%
503 Xiamen
6%
354 Pegasus
5%
596 Hainan
4%
607 Shenzhen
4%
361 VietJet Air
4%
531 Spring
3%
499 Shandong
1%
404 Sichuan
1%
343 Thai AirAsia
1%
389 VivaAerobus
1%
399 Volaris
1%
353 Air India Express
0%
339 Flynas
0%
367 Gestair
0%
Aucun quiz correspondant
Distribution des résultats
% des personnes avec chaque résultat
Percentile par nombre de réponses
Votre historique - résultats
Vous n’avez pas pris ce quiz